000 00607nam a2200181 a 4500
001 000027056
005 20240306073904.0
008 110329s1972 dr 000 0 spa d
040 _aDO-SdBNP
_bspa
_cBNPHU
100 1 _aAlfau Durán, Vetilio,
_d1909-1985
_910091
245 1 4 _aLos fundadores de LaTrinitaria /
_cVetilio Alfáu Durán.
260 _aSanto Domingo :
_bInstituto Duartiano,
_c1972.
300 _a49 P. ;
_c23 cm.
490 1 _aInstituto Duartiano
_v8
500 _aIncluye referencias bibligráficas y notas al pie de las páginas
830 0 _aInstituto Duartiano
_v8
_923205
049 _aBNPD
999 _c26548
_d26548